Pioneer Jesuits in Northern Mexico.

Uloženo v:
Podrobná bibliografie
Hlavní autor: Dunne, Peter Masten, 1889-1957
Médium: Kniha
Jazyk:English
Vydáno: Berkeley : California U.P., 1944.
Témata:
LEADER 00735nam a2200193 i 4500
001 c000118182
003 CARM
005 00000000000000.0
008 810322s1944 usuabc 00000 eng d
019 1 |a 27180757  |z 6343075  |5 LACONCORD2021 
035 |a (OCoLC)1379458  |5 LACONCORD2021 
100 1 |a Dunne, Peter Masten,  |d 1889-1957. 
245 0 0 |a Pioneer Jesuits in Northern Mexico. 
260 |a Berkeley :  |b California U.P.,  |c 1944. 
300 |a x, 227p. :  |b illus., maps, ports. 
610 2 0 |a Jesuits  |z Mexico. 
852 8 |b CARM  |h A2:AE07C0  |i B00386  |p 0021181  |f BK 
999 f f |i d2d1cd66-57f2-53e7-8d04-0aa2675e7523  |s 29ce935e-9dbd-5738-9ca8-641f2c13b896 
952 f f |p Can circulate  |a CAVAL  |b CAVAL  |c CAVAL  |d CARM 1 Store  |e B00386  |f A2:AE07C0  |h Other scheme  |i book  |m 0021181